| 000 | 00857nam a22002654a 4500 | ||
|---|---|---|---|
| 001 | 4535 | ||
| 003 | FISKH | ||
| 005 | 20250819084626.0 | ||
| 008 | 000519s1999 cou 000 0 eng | ||
| 010 | _a 00267189 | ||
| 020 | _a0769904726 | ||
| 020 | _a9781740898386 | ||
| 040 |
_aDLC _cDLC _beng _dFISKH |
||
| 050 | _aPZ7 | ||
| 082 | _a520 | ||
| 100 | 1 | _aOwen, Weldon. | |
| 245 | 1 | 0 |
_aSky watch / _c[Weldon Owen] |
| 260 |
_aSydney : _bWeldon Owen, _c2008 |
||
| 300 |
_a32 pages : _ccolor illustrations ; _b23 cm |
||
| 520 | _aHave you seen the stars at night? Sometimes they form patterns. You can see them very clearly with a telescope. One very special space telescope has even orbited the Earth. | ||
| 650 |
_aConstellations _vStars _xPlanet |
||
| 906 |
_a0 _bibc _corignew _d2 _encip _f20 _gy-gencatlg |
||
| 942 |
_2ddc _cBK _n0 |
||
| 999 |
_c4535 _d4535 |
||